Т. 121 : Сборник статей по геологии и нефтегазоносности Арктики; Вып. 18; Труды Научно-исследовательского института геологии Арктики

Chi tiết về thư mục
Parent link:Труды Научно-исследовательского института геологии Арктики: [сборник трудов]/ Научно-исследовательский институт геологии Арктики (НИИГА). Т. 121 : Сборник статей по геологии и нефтегазоносности Арктики. Вып. 18.— , 1950-
Tác giả khác: Ткаченко Б. В. (редактор)
Ngôn ngữ:Tiếng Nga
Được phát hành: 1962
Những chủ đề:
Định dạng: Sách
KOHA link:https://koha.lib.tpu.ru/cgi-bin/koha/opac-detail.pl?biblionumber=276376

MARC

LEADER 00000nam2a2200000 4500
001 276376
005 20231101234920.0
035 |a (RuTPU)RU\TPU\book\299635 
035 |a RU\TPU\book\299639 
090 |a 276376 
100 |a 20141121d1962 k y0rusy50 ca 
101 0 |a rus 
102 |a RU 
105 |a a z 001zy 
200 0 |a Т. 121 : Сборник статей по геологии и нефтегазоносности Арктики  |h Вып. 18  |f под ред. Б. В. Ткаченко 
210 |d 1962 
215 |a 199 с.  |c ил. 
320 |a Библиогр. в конце ст. 
461 1 |0 (RuTPU)RU\TPU\retro\9371  |t Труды Научно-исследовательского института геологии Арктики  |o [сборник трудов]  |f Научно-исследовательский институт геологии Арктики (НИИГА)  |v Т. 121 : Сборник статей по геологии и нефтегазоносности Арктики. Вып. 18  |d 1950-  
606 1 |a Геология  |y Арктика  |2 stltpush  |3 (RuTPU)RU\TPU\subj\6099  |9 34058 
606 1 |a Нефтегазоносность  |2 stltpush  |3 (RuTPU)RU\TPU\subj\45590  |9 64783 
610 1 |a Арктика 
610 1 |a мезозой 
610 1 |a стратиграфия 
610 1 |a Западно-Сибирская низменность 
610 1 |a палеозой 
610 1 |a осадочные породы 
610 1 |a геоморфология 
610 1 |a петрография 
610 1 |a литология 
610 1 |a Сибирская платформа 
610 1 |a магматические породы 
610 1 |a кимберлитовые породы 
610 1 |a Якутия 
610 1 |a битумы 
610 1 |a Норильский регион 
610 1 |a Таймырский полуостров 
675 |a 55(98)  |v 3 
675 |a 553(98)  |v 3 
702 1 |a Ткаченко  |b Б. В.  |4 340 
801 1 |a RU  |b 63413507  |c 20141121 
801 2 |a RU  |b 63413507  |c 20200306  |g RCR 
942 |c BK